'Too Many Nights' Lyrics - Metro Boomin (feat. Don Toliver & Future) - Statistics

General Stats
  • This quiz has been taken 342 times
  • The average score is 248 of 481
Answer Stats
- Artist Answer % Correct
I
99%
I
99%
I
99%
I
99%
I
99%
I
99%
I
99%
I
99%
I
99%
I
99%
I
99%
I
99%
I
99%
I
99%
I
99%
I
99%
I
99%
I
99%
I
99%
I
99%
(I
99%
I
99%
I
99%
a
93%
a
93%
a
93%
a
93%
a
93%
a
93%
the
89%
the
89%
The
89%
the
89%
the
89%
the
89%
the
89%
the
89%
the
89%
the
89%
the
89%
the
89%
the
89%
the
89%
The
89%
the
89%
the
89%
the
89%
the
89%
the
89%
C
87%
(C
87%
C
87%
C
87%
n****,
84%
VERSE 1 Don Toliver When
82%
to
81%
to
81%
to
81%
to
81%
be
80%
bitch
79%
bitch
79%
bitch
79%
bitch
79%
bitch
79%
bitch-
79%
bitch
79%
win
79%
win
79%
in
76%
in
76%
in
76%
in
76%
in
76%
in
76%
it
76%
it
76%
it
76%
it
76%
it
76%
it
76%
it
76%
it
76%
it
76%
it
76%
it
76%
it
76%
It
76%
it
76%
it)
76%
for
75%
for
75%
for
75%
get
75%
get
75%
get
75%
get
75%
get
75%
get
75%
get
75%
get
75%
get
75%
get
75%
she
74%
She
74%
she
74%
She
74%
she
74%
many
73%
many
73%
many
73%
many
73%
many
73%
many
73%
nights
73%
nights
73%
nights
73%
nights
73%
nights
73%
nights,
73%
me
72%
me
72%
me
72%
me)
72%
her
70%
her
70%
her
70%
her
70%
her
70%
her
70%
got
69%
got
69%
CHORUS Don Toliver Keep
69%
keep
69%
Keep
69%
CHORUS Don Toliver Keep
69%
(Keep
69%
Keep
69%
(Keep
69%
Keep
69%
CHORUS Don Toliver Keep
69%
Keep
69%
(Keep
69%
(Keep
69%
(Keep
69%
loose,
69%
loose,
69%
too
69%
too
69%
too
69%
too
69%
too
69%
too
69%
too
69%
Too
69%
beat
67%
beat
67%
beat
67%
beat
67%
house,
67%
house,
67%
you
65%
PRE-CHORUS Don Toliver You
65%
you
65%
you
65%
you
65%
you
65%
you
65%
you
65%
you
65%
VERSE 2 Don Toliver You
65%
you
65%
you
65%
BRIDGE Don Toliver You
65%
you
65%
you
65%
you
65%
You
65%
you
65%
you
65%
you
65%
You
65%
you
65%
you
65%
you
65%
You
65%
you
65%
you
65%
you
65%
PRE-CHORUS Don Toliver You
65%
you
65%
you
65%
you
65%
you
65%
you
65%
you
65%
you
65%
you
65%
by
64%
ten
63%
ten
63%
ten
63%
tryna
63%
tryna
63%
on
62%
on
62%
on
62%
on
62%
on
62%
on
62%
on
62%
on
62%
cool,
55%
cool,
55%
Young Thug Metro!
55%
jump,
53%
jump
53%
(Jump)
53%
jump,
53%
jump
53%
jump)
53%
jump
53%
jump)
53%
jump
53%
(Jump)
53%
jump
53%
jump)
53%
jump)
53%
jump)
53%
call
51%
call
51%
let
51%
let
51%
couch,
50%
couch,
50%
It's
49%
It's
49%
It's
49%
it's
49%
It's
49%
It's
49%
want
49%
want
49%
want,
49%
want,
49%
want,
49%
want,
49%
want,
49%
want
49%
want,
49%
want,
49%
want
49%
want,
49%
want,
49%
want
49%
want
49%
want
49%
what
49%
what
49%
what
49%
what
49%
what
49%
what
49%
what
49%
what
49%
what
49%
what
49%
out,
47%
out,
47%
out
47%
out
47%
out
47%
all
46%
all
46%
all
46%
all
46%
all
46%
I'm
44%
I'm
44%
I'm
44%
I'm
44%
I'm
44%
I'm
44%
and
43%
and
43%
and
43%
and
43%
and
43%
and
43%
and
43%
famous
43%
forty
43%
spend
43%
spend
43%
spend
43%
spend
43%
spend
43%
nameless
41%
nameless
41%
like
40%
like
40%
like
40%
went
40%
went
40%
went
40%
went
40%
went
40%
went
40%
There's
38%
There's
38%
your
38%
your
38%
your
38%
your
38%
club
37%
can't
36%
can't
36%
can't
36%
can't
36%
caught
35%
caught
35%
heat
35%
(Heat
35%
of
35%
of
35%
of
35%
strip
35%
hit
34%
hit
34%
money,
34%
money
34%
Money
34%
note
34%
note)
34%
stroke
34%
stroke)
34%
that
34%
that,
34%
better
33%
done
33%
done
33%
done
33%
done
33%
drunk
33%
drunk
33%
twin
33%
brainless
32%
brainless
32%
lit,
32%
see
32%
Ask
31%
down
31%
down
31%
C.N.O.T.E
31%
just
31%
popped
31%
shawty
31%
wanted
31%
wanted
31%
with
31%
back
30%
back
30%
if
30%
ride
30%
ride
30%
been
29%
honest
29%
honest
29%
car's
27%
comin'
27%
comin'
27%
guess
27%
guess
27%
hundred
27%
hundred
27%
put
27%
slow
27%
slow
27%
slow
27%
slow
27%
ain't
26%
free
26%
keepin'
26%
keepin'
26%
my
26%
Oh,
26%
peephole
26%
(Yeah)
26%
(Yeah)
26%
(Yeah)
26%
(Yeah)
26%
give
25%
give
25%
hot
25%
ok
25%
raw
25%
really
25%
through
25%
You're
25%
you're
25%
You're
25%
you're
25%
INTRO Honourable
24%
notes,
23%
notes
23%
passport
23%
talkin'
23%
fall
22%
fast,
22%
askin'
21%
called
21%
different
21%
From
21%
from
21%
made
21%
lurkin'
20%
Need
20%
need
20%
off
20%
pole
20%
pole
20%
stacking
20%
tall
20%
OUTRO Future Bottega
19%
dashboard
19%
Sayin',
19%
Sayin',
19%
spazzed
19%
type
19%
could
18%
Knowin'
18%
hittin'
17%
hittin'
17%
Now,
17%
Now
17%
Now
17%
two
17%
'bout
16%
runnin'
16%
studio
16%
crash
15%
Feel
15%
Lil'
15%
whenever
15%
cash
14%
past,
14%
proud
14%
(Proud
14%
trappin'
14%
Veneta
14%
bae
13%
Let's
13%
Let's
13%
parties
12%
parties)
12%
throw
12%
(Throw
12%
Clicquot
11%
rappin',
11%
Stampin'
10%
INTERLUDE Don Toliver Ooh
9%
ooh
9%
ooh
9%
ooh
9%
Ooh
9%
ooh
9%
ooh
9%
ooh
9%
Ooh
9%
ooh
9%
ooh
9%
ooh
9%
Ooh
9%
ooh
9%
foreigns,
6%
Pack
6%
"Uh-uh-uh-uh"
6%
"Uh-uh-uh-uh"
6%
buyin'
5%
(Skrrt)
4%
(Hahaha)
3%
No matching quizzes found
Score Distribution
Percent of People with Each Score
Percentile by Number Answered
Your Score History
You have not taken this quiz